000 00364nam a2200109Ia 4500
008 180205s9999 xx 000 0 und d
020 _a9789712346958
100 _aMendoza, Zenaida M.
245 _cRomero, Marcela L.
_aPagbasa at pagsulat :
_bSa iba't ibang disiplina sa antas tersarya
260 _aRecto Avenue City
_bREX bookstore
_c2007
300 _aiii, 327 pages
999 _c354766
_d354766